00989nam a2200241 a 450000100100000000500170001000800410002704000250006808200240009310000300011724500480014726000340019530000280022949000690025749000320032650000730035865100600043165100560049165100570054771000430060483000680064783000320071500002256520240302073950.0101013s1982 dr 000 0 spa d aDO-SdBNPbspacBNPHU a330.97293054bC343c1 aCassá, Roberto, d1948-10aCapitalismo y dictadura /cRoberto Cassá. aSanto Domingo :bUASD,c1982. a794 P. :bil. ;c25 cm.1 aPublicaciones de la Universidad Autónoma de Santo Domingov2711 aHistoria y sociedadvno. 36 aIncluye referencias bibliográficas y notas al pie de las páginas 4aRepública DominicanaxCondiciones Económicasy1961- 4aRepública DominicanaxCondiciones Socialesy1961- 4aRepública DominicanaxPolítica Y Gobiernoy1961-2 aUniversida Autónoma de Santo Domingo 0aPublicaciones de la Universida Autónoma de Santo Domingov271 0aHistoria y sociedadvno. 36